Weed science in the tropics : principles and practices. (Record no. 129)

MARC details
000 -LEADER
fixed length control field 00387nam a2200145 4500
020 ## - INTERNATIONAL STANDARD BOOK NUMBER
ISBN 0471915440
050 ## - CALL NUMBER
Classification number SB613.T8
Item number .A36
100 ## - AUTHOR
Personal name Akobundu, I O
245 ## - TITLE
Title Weed science in the tropics : principles and practices.
Statement of responsibility, etc I O Akobundu
260 ## - PUBLICATION INFORMATION
Place of publication India
Name of publisher Wiley,
Year of publication ©1987.
300 ## - DESCRIPTION
Number of Pages xvi, 522 pages
Other physical details ills;
500 ## - NOTES
General note INCLUDES INDEX
650 ## - SUBJECTS
Topical Term Weeds - Tropics
942 ## - ADDED ENTRY ELEMENTS (KOHA)
Koha item type Books
Holdings
Withdrawn status Lost status Home library Current library Date acquired Full call number Accession Number Koha item type
    Methodist University Library Wenchi Faculty Methodist University Library Wenchi Faculty 13/10/2017 SB613.T8 .A36 28506 Books
Copyright © 2026  MUG Library